Pokročilá analýza dat v SPSS a AMOS /

Salvato in:
Dettagli Bibliografici
Autore principale: Soukup, Petr (Autore)
Natura: Libro
Lingua:ceco
Pubblicazione: Brno Masarykova univerzita 2022
Edizione:1. vydanie
Soggetti:
Tags: Aggiungi Tag
Nessun Tag, puoi essere il primo ad aggiungerne!!

MARC

LEADER 00000nam a22000003a 4500
001 0110859
003 SK-STU
005 20240808095428.2
007 ta
008 240808s ----xo-----e------000-0-----d
020 |a 978-80-210-9933-7 
040 |a STU  |b slo 
041 0 |a cze  |h cze 
044 |a xr 
080 |a 311/So 
100 1 |a Soukup, Petr  |4 aut 
245 1 0 |a Pokročilá analýza dat v SPSS a AMOS /  |c aut. Petr Soukup 
250 |a 1. vydanie 
260 |a Brno  |b Masarykova univerzita  |c 2022 
300 |a 285s. 
650 0 7 |a analýza dát 
650 0 7 |a štatistická analýza 
650 0 7 |a štatistický software 
650 0 7 |a SPSS/PC+ 
650 0 7 |a sociálne vedy 
650 0 7 |a štatistika 
996 |b 284M089623  |c M* 14846-1  |l MMST  |s A  |a 24  |w 0110859_0001 
996 |b 284M089622  |c M* 14846-2  |l MMST  |s A  |a 24  |w 0110859_0002